El día en que dos ciudades contrarias descubrieron que eran hermanas ; (Registro nro. 7303)

Detalles MARC
000 -LIDER
fixed length control field 01003nam a2200277 a 4500
001 - NÚMERO DE CONTROL
Identificador de número de control 000044363
003 - IDENTIFICACDOR DE NÚMERO DE CONTROL
control field DO-SdBNP
005 - DATE AND TIME OF LATEST TRANSACTION
control field 20180402102645.0
007 - CAMPOS FIJOS DE DESCRIPCIÓN FÍSICA
fixed length control field 000044363
008 - ELEMENTOS DE LONGITUD FIJA
fixed length control field 140624s1999 dr a 000 j spa d
020 ## - ISBN
International Standard Book Number 9592092478
040 ## - FUENTE DE CATALOGACIÓN
Agencia que crea de manera original el registro BPMET
Idioma de catalogación spa
Agencia que realiza la transcripción BPMET
100 1# - ASIENTO PRINCIPAL -- NOMBRE PERSONAL
Nombre personal Luciano, Margarita
245 13 - MENCIÓN DE TITULO
Título El día en que dos ciudades contrarias descubrieron que eran hermanas ;
Subtítulo Un lugar posible. /
Mención de responsabilidad Margarita Luciano, Olga Marta Pérez; ilustraciones Miriam González.
260 ## - PUBLICACIÓN, DISTRIBUCIÓN, ETC. (PIE DE IMPRENTA)
Lugar de publicación, distribución, etc Santo Domingo, :
Nombre del editor, distribuidor, etc. Ferilibro,
Fecha de publicación, distribución, etc 1999.
300 ## - DESCRIPCIÓN FÍSICA
Extensión 13, 32 p.
Otros detalles físicos il.
Dimensiones 22 cm.
490 1# - MENCIÓN DE SERIES
Mención de serie Diente de leche
500 ## - NOTA GENERAL
Nota general Dos obras encuadernadas juntas con paginación invertida.
500 ## - NOTA GENERAL
Nota general Incluye datos biográficos de las autoras en las contraportadas
505 0# - NOTA DE CONTENIDO
Texto normalizado de contenido Un lugar posible
Mención de responsabilidad Pérez, Olga Marta
700 12 - ASIENTO SECUNDARIO -- NOMBRE PERSONAL
Nombre personal Pérez, Olga Marta
830 #0 - ASIENTO SECUNDARIO DE SERIE--TÍTULO UNIFORME
Título uniforme Diente de leche
942 ## - ADDED ENTRY ELEMENTS (KOHA)
Source of classification or shelving scheme Dewey Decimal Classification
Koha item type Libros
945 ## - INFORMACIÓN DE PROCESAMIENTO LOCAL
Información de procesamiento local Remanejado para la BNPHU / 2018 VM
956 ## - LOCAL ELECTRONIC LOCATION AND ACCESS (OCLC)
Nombre de host VMATEO
Número de acceso 10
Información de compresión 20150202
Inicio de sesión BPMSU
Procesador de solicitud 0069
Existencias
Withdrawn status Lost status Source of classification or shelving scheme Damaged status Not for loan Collection code Home library Current library Date acquired Total Checkouts Barcode Date last seen Copy number Price effective from Koha item type
    Dewey Decimal Classification       Biblioteca Pública Metropolitana Salomé Ureña Biblioteca Pública Metropolitana Salomé Ureña 02/02/2015   BPMSU15040969 02/02/2015 1 ej. 02/02/2015 Libros